000
00337nam a2200133Ia 4500
008
150201s2014 xx 000 0 und d
082
_a
611.313
_b
D2014P
100
_a
PHULARI , RASHMI
245
_a
TEXT BOOK OF DENTAL ANATOMY
250
_a
1ST
260
_b
JAYPEE BROTHERS MEDICAL PUBLISHERS
650
_a
ANATOMY
942
_2
ddc
_c
BK
_0
2
999
_c
4848
_d
4848